[Event "St Eufemia d'Aspromonte op-B 4th"]
[Site "St Eufemia d'Aspromonte"]
[Date "2011.01.03"]
[Round "2"]
[White "Daniac, Federico"]
[Black "Laurendi, Angela"]
[Result "1-0"]
[WhiteElo "1551"]
[BlackElo "1344"]
[PlyCount "33"]
[EventDate "2011.01.02"]
[EventType "swiss"]
[EventRounds "8"]
[EventCountry "ITA"]
[SourceTitle "EXT 2013"]
[Source "ChessBase"]
[SourceDate "2012.11.22"]
[SourceVersion "1"]
[SourceVersionDate "2012.11.22"]
[SourceQuality "1"]

1. e4 e5 2. Nf3 Nc6 3. Bb5 Nge7 4. 0-0 d6 5. Nc3 a6 6. Ba4 b5 7. Bb3 Bg4 8. Nd5 Ng6 9. Ne3 Qd7 10. Bd5 Nge7 11. d3 Nxd5 12. Nxd5 Qe6 13. Nxc7+ Ke7 14. Nxe6 Kxe6 15. Ng5+ Kd7 16. Qxg4+ Kd8 17. Nxf7+ 1-0

[Event "Costa Viola op 3rd"]
[Site "St Eufemia d'Aspromonte"]
[Date "2010.01.03"]
[Round "2"]
[White "Daniac, Federico"]
[Black "Licari, Carmelo"]
[Result "1-0"]
[WhiteElo "1578"]
[BlackElo "1440"]
[PlyCount "32"]
[EventDate "2010.01.02"]
[EventType "swiss"]
[EventRounds "7"]
[EventCountry "ITA"]
[SourceTitle "EXT 2011"]
[Source "ChessBase"]
[SourceDate "2010.11.26"]
[SourceVersion "1"]
[SourceVersionDate "2010.11.26"]
[SourceQuality "1"]

1. e4 e6 2. d4 d6 3. Nf3 Nc6 4. Bb5 Bd7 5. 0-0 Nf6 6. Re1 Be7 7. Bg5 h6 8. Bxf6 Bxf6 9. c3 a6 10. Bxc6 Bxc6 11. d5 exd5 12. exd5+ Be7 13. dxc6 bxc6 14. Nd4 c5 15. Nc6 Qd7 16. Rxe7+ Qxe7 1-0

[Event "Amantea op-B 7th"]
[Site "Amantea"]
[Date "2009.09.07"]
[Round "8"]
[White "Montalbano, Federico"]
[Black "Daniac, Federico"]
[Result "1/2-1/2"]
[WhiteElo "1509"]
[BlackElo "1596"]
[PlyCount "99"]
[EventDate "2009.08.31"]
[EventType "swiss"]
[EventRounds "8"]
[EventCountry "ITA"]
[SourceTitle "CBM 132 Extra"]
[Source "ChessBase"]
[SourceDate "2009.11.03"]
[SourceVersion "1"]
[SourceVersionDate "2009.11.03"]
[SourceQuality "1"]

1. e4 c5 2. Nf3 Nc6 3. Bb5 g6 4. 0-0 Bg7 5. Bxc6 bxc6 6. c3 d6 7. d4 cxd4 8. cxd4 Bg4 9. Be3 Nf6 10. Nc3 0-0 11. h3 Bxf3 12. Qxf3 Nd7 13. Rad1 Qc7 14. Rc1 Qa5 15. a3 Rab8 16. Rc2 Rb3 17. Rfc1 Rfb8 18. Qe2 e5 19. Qd2 exd4 20. Bxd4 Bxd4 21. Qxd4 Qc5 22. Ne2 Qxd4 23. Nxd4 Rxb2 24. Rxc6 Nc5 25. f3 Rd2 26. Rxd6 Ne6 27. Nb5 Ra2 28. Rb1 Nc7 29. Nc3 Rxb1+ 30. Nxb1 Ra1 31. Rd1 Nb5 32. Nc3 Rxd1+ 33. Nxd1 Nxa3 34. Kf2 Kf8 35. Ke3 Nb5 36. Nb2 Ke7 37. Kd3 Kd6 38. Kc4 Nc7 39. f4 f6 40. g4 Ne6 41. Nd3 g5 42. e5+ fxe5 43. fxe5+ Kd7 44. Nf2 Nf4 45. Ne4 Nxh3 46. Nf6+ Ke6 47. Nxh7 Kxe5 48. Kb5 Kf4 49. Ka6 Nf2 50. Nxg5 1/2-1/2

[Event "Amantea op-B 7th"]
[Site "Amantea"]
[Date "2009.09.05"]
[Round "6"]
[White "Ielapi, Vito"]
[Black "Daniac, Federico"]
[Result "0-1"]
[WhiteElo "1887"]
[BlackElo "1596"]
[PlyCount "106"]
[EventDate "2009.08.31"]
[EventType "swiss"]
[EventRounds "8"]
[EventCountry "ITA"]
[SourceTitle "CBM 132 Extra"]
[Source "ChessBase"]
[SourceDate "2009.11.03"]
[SourceVersion "1"]
[SourceVersionDate "2009.11.03"]
[SourceQuality "1"]

1. d4 Nf6 2. Nf3 d5 3. e3 e6 4. Bd3 c5 5. c3 Bd6 6. 0-0 Nbd7 7. Nbd2 0-0 8. Re1 Re8 9. e4 dxe4 10. Nxe4 Qc7 11. Nxd6 Qxd6 12. dxc5 Qxc5 13. Be3 Qc7 14. Rc1 b6 15. g3 Bb7 16. Bf1 Red8 17. Bd4 Qc6 18. Bg2 e5 19. Nh4 Qc7 20. Be3 Bxg2 21. Nxg2 Nc5 22. Qc2 Nd3 23. Rcd1 Nxe1 24. Rxe1 Rd7 25. c4 Rad8 26. h3 Nd5 27. Bd2 f6 28. Qb3 Ne7 29. Be3 Kh8 30. Nh4 Rd3 31. Qc2 Qc8 32. Kh2 Nf5 33. Nxf5 Qxf5 34. b4 Qf3 35. Kg1 Rd1 36. Qc3 Rxe1+ 37. Qxe1 Rd1 38. Kf1 Rxe1+ 39. Kxe1 Qh1+ 40. Kd2 Qxh3 41. c5 Qd7+ 42. Kc3 Qc7 43. Kc4 Qc6 44. b5 Qe4+ 45. Kb3 bxc5 46. Bxc5 Qb7 47. a4 a6 48. b6 a5 49. Kc4 Qc6 50. g4 Qxa4+ 51. Kd5 Qd7+ 52. Bd6 a4 53. Kc5 a3 0-1

[Event "Amantea op-B 7th"]
[Site "Amantea"]
[Date "2009.09.04"]
[Round "5"]
[White "Daniac, Federico"]
[Black "Rizzuti, Pasquale"]
[Result "1-0"]
[WhiteElo "1596"]
[BlackElo "1826"]
[PlyCount "86"]
[EventDate "2009.08.31"]
[EventType "swiss"]
[EventRounds "8"]
[EventCountry "ITA"]
[SourceTitle "CBM 132 Extra"]
[Source "ChessBase"]
[SourceDate "2009.11.03"]
[SourceVersion "1"]
[SourceVersionDate "2009.11.03"]
[SourceQuality "1"]

1. e4 c5 2. Nf3 d6 3. Bb5+ Nc6 4. d4 cxd4 5. Nxd4 Bd7 6. Nxc6 bxc6 7. Bd3 g6 8. 0-0 Bg7 9. Nc3 Nf6 10. Be3 0-0 11. Qd2 a5 12. Bh6 a4 13. Bxg7 Kxg7 14. a3 Qa5 15. b4 axb3 16. cxb3 c5 17. Qb2 Kg8 18. Rfe1 e5 19. Bc4 Be6 20. f3 Rfd8 21. Red1 Ra7 22. Nd5 Nxd5 23. Bxd5 Bxd5 24. Rxd5 f6 25. Qa2 Qb6 26. Kh1 Kf8 27. Qc2 Ke7 28. Qc4 Rb8 29. Rd3 Rba8 30. a4 Rb8 31. Rad1 Ra6 32. h3 h5 33. Rxd6 Qxd6 34. Rxd6 Rxd6 35. Qxc5 Rbd8 36. a5 h4 37. Kh2 Kd7 38. b4 Rc8 39. Qb5+ Rcc6 40. a6 Ke7 41. a7 Rb6 42. Qxb6 Rxb6 43. a8Q Rxb4 1-0

[Event "Amantea op-B 7th"]
[Site "Amantea"]
[Date "2009.09.03"]
[Round "4"]
[White "Palermiti, Francesco"]
[Black "Daniac, Federico"]
[Result "0-1"]
[WhiteElo "1440"]
[BlackElo "1596"]
[PlyCount "68"]
[EventDate "2009.08.31"]
[EventType "swiss"]
[EventRounds "8"]
[EventCountry "ITA"]
[SourceTitle "CBM 132 Extra"]
[Source "ChessBase"]
[SourceDate "2009.11.03"]
[SourceVersion "1"]
[SourceVersionDate "2009.11.03"]
[SourceQuality "1"]

1. e4 c5 2. Nf3 Nc6 3. Bc4 g6 4. c3 Bg7 5. d4 d6 6. h3 Nf6 7. d5 Nb8 8. Bd3 Nbd7 9. 0-0 0-0 10. Be3 a6 11. Qc1 b5 12. Bh6 Bb7 13. Bxg7 Kxg7 14. Nbd2 c4 15. Bc2 Re8 16. Nd4 Qb6 17. b4 cxb3 18. N2xb3 Rac8 19. Qe3 Rc7 20. Rac1 Rec8 21. Bb1 b4 22. c4 Rxc4 23. Rxc4 Rxc4 24. f4 Rc3 25. Qf2 a5 26. Qh4 Rxb3 27. axb3 Qxd4+ 28. Kh1 Nc5 29. f5 Nxb3 30. Rg1 Ba6 31. fxg6 fxg6 32. Qg3 Nc5 33. Re1 Qe5 34. Qf3 a4 0-1

[Event "Amantea op-B 7th"]
[Site "Amantea"]
[Date "2009.09.02"]
[Round "3"]
[White "Daniac, Federico"]
[Black "Carbone, Stefano"]
[Result "0-1"]
[WhiteElo "1596"]
[BlackElo "1695"]
[PlyCount "72"]
[EventDate "2009.08.31"]
[EventType "swiss"]
[EventRounds "8"]
[EventCountry "ITA"]
[SourceTitle "CBM 132 Extra"]
[Source "ChessBase"]
[SourceDate "2009.11.03"]
[SourceVersion "1"]
[SourceVersionDate "2009.11.03"]
[SourceQuality "1"]

1. e4 g6 2. d4 Bg7 3. Nc3 d6 4. g3 Nc6 5. Nf3 Bg4 6. d5 Nd4 7. Bg2 e5 8. 0-0 c5 9. h3 Nxf3+ 10. Bxf3 Bxh3 11. Bg2 Bxg2 12. Kxg2 Nf6 13. Rh1 0-0 14. Bh6 Bxh6 15. Rxh6 Kg7 16. Rh4 h5 17. f3 Rh8 18. Qe2 a6 19. Rf1 Qe7 20. Nd1 b5 21. f4 Raf8 22. fxe5 Qxe5 23. c4 b4 24. Rhf4 Nd7 25. Qf3 Qe7 26. a3 a5 27. axb4 axb4 28. b3 Ne5 29. Qe2 Ra8 30. Qb2 Rhf8 31. Qc2 Ra3 32. Kg1 Qa7 33. Nb2 Ra2 34. Qb1 Qa3 35. Na4 Nxc4 36. bxc4 Qxg3+ 0-1